00398nam a2200121Ia 450000500170000000800410001708200190005810000110007724501070008826000600019530000110025565000100026620241218015452.0240331s9999 xx 000 0 und d bREB24704a305 aSom, R 0aSubhash Chandra Bose and the Resolution of the Women's Questions, Ideas and Ideologies :bMonograph II aNew DelhibCentre for Women's Development Studiesc2002 a43 p., aWomen